MBA in a nutshell

Marketing ad product management -- Accounting and finance -- Human resources and operations management -- Statistics -- Economics -- Technology management --Business policy and ethics -- Strategic planning -- Epilogue: Reflection, introspection, and enlightenment -- Postscript: Education and career...

Cur síos iomlán

Đã lưu trong:
Sonraí Bibleagrafaíochta
Príomhúdar: Sobel, Milo
Formáid: Leabhar
Teanga:English
Foilsithe: New York McGraw-Hill 2010
Ábhair:
Clibeanna: Cuir Clib Leis
Gan Chlibeanna, Bí ar an gcéad duine leis an taifead seo a chlibeáil!
Thư viện lưu trữ: Mạng thư viện Đại học Đà Nẵng
LEADER 01497nam a2200361 4500
001 000018548
003 14980
005 20131204161215.0
008 131122s2010 engsd
020 |a 9780071701723 (alk. paper)  |a 0071701729 (alk. paper) 
041 0 |a eng 
082 1 4 |a 658  |b SO-M 
100 1 |a Sobel, Milo 
245 1 0 |a MBA in a nutshell  |c Milo Sobel. 
260 |a New York  |b McGraw-Hill  |c 2010 
300 |a xxi, 312 p.  |b ill.  |c 24 cm. 
500 |a "The classic accelerated learning program"--Cover. 
504 |a Includes bibliographical references (p. 299-301) and index. 
520 3 |a Marketing ad product management -- Accounting and finance -- Human resources and operations management -- Statistics -- Economics -- Technology management --Business policy and ethics -- Strategic planning -- Epilogue: Reflection, introspection, and enlightenment -- Postscript: Education and career pathing. 
650 0 4 |a Industrial management 
650 0 4 |a Management 
653 |a Quản trị kinh doanh 
653 |a Kinh doanh 
OWN |a LSP 
AVA |a UDN50  |b LSP  |d 658 SO-M  |e available  |t Error 5001 Not defined in file expand_doc_bib_avail.  |f 1  |g 0  |h N  |i 0  |k 1 
999 |a From the UDN01 
AVA |a UDN50  |b LSP  |d 658 SO-M  |e available  |t Error 5001 Not defined in file expand_doc_bib_avail.  |f 1  |g 0  |h N  |i 0  |k 1 
TYP |a Monograph 
TYP |a Printed language 
980 |a Mạng thư viện Đại học Đà Nẵng